Normal view
MARC view
Entry Uniform Title
001 - CONTROL NUMBER
- control field: 10267
003 - CONTROL NUMBER IDENTIFIER
- control field: AUA.1
005 - DATE AND TIME OF LATEST TRANSACTION
- control field: 20111031103643.0
008 - FIXED-LENGTH DATA ELEMENTS
- fixed length control field: 111031|||a|||||| | ||| d
040 ## - CATALOGING SOURCE
- Original cataloging agency: AUA.1
- Transcribing agency: AUA.1
130 ## - HEADING--UNIFORM TITLE
- Uniform title: Bible.
- Name of part/section of a work: N.T.
- Name of part/section of a work: Revelation
- General subdivision: Commentaries.
670 ## - SOURCE DATA FOUND
- Source citation: Work cat.: (AUA.1)0: Caird, G. B. (George Bradford), 1917- 10266, A commentary on the Revelation of St. John the Divine, [1966]